A. WESLEY POWELL LEARNING RESOURCE CENTRE (WPLRC)

Wonderful Place to Learn, Research & Collaborate

The undecided college student : (Record no. 4358)

MARC details
000 -LEADER
fixed length control field 01269cam a2200349 a 4500
001 - ACCESSION NUMBER
control field 39542
003 - CONTROL NUMBER IDENTIFIER
control field OSt
005 - DATE AND TIME OF LATEST TRANSACTION
control field 20150818101649.0
008 - FIXED-LENGTH DATA ELEMENTS--GENERAL INFORMATION
fixed length control field 060714s2007 ilu b 001 0 eng
020 ## - INTERNATIONAL STANDARD BOOK NUMBER
International Standard Book Number 0398077061
020 ## - INTERNATIONAL STANDARD BOOK NUMBER
International Standard Book Number 9780398077068
020 ## - INTERNATIONAL STANDARD BOOK NUMBER
International Standard Book Number 039807707X (pbk.)
020 ## - INTERNATIONAL STANDARD BOOK NUMBER
International Standard Book Number 9780398077075 (pbk.)
035 ## - SYSTEM CONTROL NUMBER
System control number (OCoLC)ocm70676647
035 ## - SYSTEM CONTROL NUMBER
System control number (OCoLC)70676647
040 ## - CATALOGING SOURCE
Original cataloging agency DLC
Transcribing agency DLC
Modifying agency YDX
-- BAKER
-- DST
-- YDXCP
-- BTCTA
-- DLC
043 ## - GEOGRAPHIC AREA CODE
Geographic area code n-us---
050 00 - LIBRARY OF CONGRESS CALL NUMBER
Classification number LB2343
Item number .G64 2007
082 ## - DEWEY DECIMAL CLASSIFICATION NUMBER
Classification number CC/378.194 GOR (39542)
100 1# - MAIN ENTRY--PERSONAL NAME
Personal name Gordon, Virginia N.
245 14 - TITLE STATEMENT
Title The undecided college student :
Remainder of title an academic and career advising challenge /
Statement of responsibility, etc. by Virginia N. Gordon.
250 ## - EDITION STATEMENT
Edition statement 3rd ed.
260 ## - PUBLICATION, DISTRIBUTION, ETC. (IMPRINT)
Place of publication, distribution, etc. Springfield, Ill. :
Name of publisher, distributor, etc. Charles C Thomas,
Date of publication, distribution, etc. c2007.
300 ## - PHYSICAL DESCRIPTION
Extent xii, 242 p. ;
Dimensions 27 cm.
504 ## - BIBLIOGRAPHY, ETC. NOTE
Bibliography, etc Includes bibliographical references and indexes.
650 #0 - SUBJECT ADDED ENTRY--TOPICAL TERM
Topical term or geographic name as entry element Counseling in higher education
Geographic subdivision United States.
650 #0 - SUBJECT ADDED ENTRY--TOPICAL TERM
Topical term or geographic name as entry element Vocational guidance
Geographic subdivision United States.
650 #0 - SUBJECT ADDED ENTRY--TOPICAL TERM
Topical term or geographic name as entry element College student orientation
Geographic subdivision United States.
906 ## - LOCAL DATA ELEMENT F, LDF (RLIN)
a 7
b cbc
c orignew
d 1
e ocip
f 20
g y-gencatlg
942 ## - ADDED ENTRY ELEMENTS (KOHA)
Source of classification or shelving scheme Dewey Decimal Classification
Koha item type Books
Holdings
Withdrawn status Lost status Source of classification or shelving scheme Damaged status Not for loan Collection code Home library Current library Date acquired Total Checkouts Full call number Barcode Date last seen Price effective from Koha item type
    Dewey Decimal Classification   Not For Loan Reference Wesley Powell Learning Resource Centre Wesley Powell Learning Resource Centre 08/18/2015   CC/378.194 GOR 39542 08/18/2015 08/18/2015 Books